Normal view MARC view
  • Mohamed Salleh bin Abas,

Entry Personal Name

Number of records used in: 1

001 - CONTROL NUMBER

  • control field: 7989

003 - CONTROL NUMBER IDENTIFIER

  • control field: OSt

005 - DATE AND TIME OF LATEST TRANSACTION

  • control field: 20170525092029.0

008 - FIXED-LENGTH DATA ELEMENTS

  • fixed length control field: 170525|| aca||aabn | a|a d

040 ## - CATALOGING SOURCE

  • Original cataloging agency: OSt
  • Transcribing agency: OSt

100 ## - HEADING--PERSONAL NAME

  • Personal name: Mohamed Salleh bin Abas,
  • Titles and other words associated with a name: Tun,
  • Dates associated with a name: 1929-

670 ## - SOURCE DATA FOUND

  • Source citation: Work cat.: (OSt)0: Mohamed Salleh Abas, Tun, 1929- 7988, May day for justice :, 1989
Pusat Sumber Maklumat Dato' Haji Sarmin Md Hussin, Akademi Kastam Diraja Malaysia, Melaka
Tel: 06-2331106 | Faks: 06-2313787